LEADER 00977nam0-22003131i-450 001 990000429560403321 005 20170601094058.0 035 $a000042956 035 $aFED01000042956 035 $a(Aleph)000042956FED01 035 $a000042956 100 $a20001010d--------km-y0itay50------ba 101 0 $aita 105 $ay-------001yy 200 1 $a<>restauro del teatro Verdi di Pisa$fMassimo Carmassi$gcontributi di Giancarlo Montagna, Lorenzo M. Mucci, Maria Ines Aliverti 210 $aS.l.$cs.e.$ds.d. (Pisa$cIndustrie Grafiche della Pacini editore$d1994) 215 $a211 p.$cill.$d31 cm 610 0 $aRestauro Architettura 676 $a725.28 700 1$aCarmassi,$bMassimo$024227 702 1$aMontagna,$bGiancarlo 801 0$aIT$bUNINA$gRICA$2UNIMARC 901 $aBK 912 $a990000429560403321 952 $a08 AD 8$b715$fDINED 959 $aDINED 996 $aRestauro del teatro Verdi di Pisa$91470176 997 $aUNINA DB $aING01 LEADER 01565nam 2200385Ka 450 001 9910695913903321 005 20070820160958.0 035 $a(CKB)5470000002374666 035 $a(OCoLC)166146975 035 $a(EXLCZ)995470000002374666 100 $a20070820d2007 ua 0 101 0 $aeng 181 $ctxt$2rdacontent 182 $cc$2rdamedia 183 $acr$2rdacarrier 200 00$aPersistence and attainment of 2003-04 beginning postsecondary students$b[electronic resource] $eafter three years : first look /$fLutz Berkner ... [and others] 210 1$aWashington, DC :$cNational Center for Education Statistics, Institute of Education Sciences, U.S. Dept. of Education,$d[2007] 215 $aviii, 59 pages $cdigital, PDF file 300 $aTitle from title screen (viewed on Aug. 20, 2007). 300 $a"August 2007." 517 $aPersistence and attainment of 2003-04 beginning postsecondary students 606 $aCollege attendance$zUnited States$vLongitudinal studies 606 $aEducational attainment$zUnited States$vLongitudinal studies 606 $aPostsecondary education$zUnited States$vLongitudinal studies 615 0$aCollege attendance 615 0$aEducational attainment 615 0$aPostsecondary education 701 $aBerkner$b Lutz K$0174506 712 02$aNational Center for Education Statistics. 801 0$bGPO 801 1$bGPO 906 $aBOOK 912 $a9910695913903321 996 $aPersistence and attainment of 2003-04 beginning postsecondary students$93547153 997 $aUNINA